Re:crafted : (Record no. 583382)

MARC details
000 -LEADER
fixed length control field 00425nam a2200181 a 4500
008 - FIXED-LENGTH DATA ELEMENTS--GENERAL INFORMATION
fixed length control field 250821s2010##################000#0#eng##
020 ## - INTERNATIONAL STANDARD BOOK NUMBER
ISBN 9781580932769
082 04 - DEWEY DECIMAL CLASSIFICATION NUMBER
Classification number 745.09051
Item number KRI
100 1# - MAIN ENTRY--AUTHOR NAME
Personal name Kristal, Marc,
245 10 - TITLE STATEMENT
Title Re:crafted :
260 ## - PUBLICATION, DISTRIBUTION, ETC. (IMPRINT)
Year of publication 2010.
650 #0 - SUBJECT ADDED ENTRY--TOPICAL TERM
Topical Term Architecture, Modern.
942 ## - ADDED ENTRY ELEMENTS (KOHA)
Koha item type English Books
Holdings
Withdrawn status Lost status Damaged status Not for loan Home library Current library Shelving location Date acquired Full call number Accession Number Price effective from Koha item type
        Anna Centenary Library Anna Centenary Library 6TH FLOOR, B WING 21.08.2025 745.09051 KRI 419272 21.08.2025 English Books

Find us on the map